Cartilla para el manejo y aprovechamiento de la palma güérregue (Astrocaryum standleyanum) (Registro nro. 7703)

Detalles MARC
000 -CABECERA
Campo de control 01065nam a22003017a 4500
005 - FECHA Y HORA DE LA ULTIMA TRANSACCION
Campo de control 20191224041911.0
008 - ELEMENTOS DE LONGITUD FIJA—INFORMACION GENERAL
Campo de control 131030b2013 ck il | |||| 00| 0 spa d
020 ## - ISBN
ISBN 9789587615388
040 ## - FUENTE DE CATALOGACIÓN
Agencia catalogadora original CO-BoIAVH
Agencia transcriptora CO-BoIAVH
041 ## - IDIOMA
Código de idioma para texto/pista de sonido o título separado Español
044 ## - PAÍS DE PUBLICACIÓN
País de publicación Colombia
082 ## - NUMERO DE CLASIFICACION DECIMAL DEWEY
Número de clasificación 584.5
Número del ítem C21c5
245 ## - MENCION DE TITULO
Título Cartilla para el manejo y aprovechamiento de la palma güérregue (Astrocaryum standleyanum)
Mención de responsabilidad Nestor Garcia ... [ert al].
260 ## - PUBLICACION, DISTRIBUCION, ETC. (PIE DE IMPRENTA)
Lugar de publicación, distribución, etc. Bogotá
Nombre del editor, distribuidor, etc. Universidad Nacional de Colombia. Facultad de Ciencias, Instituto de Ciencias Naturales.
Fecha de publicación, distribución, etc. 2013
300 ## - DESCRIPCION FISICA
Extensión 36 p.
Otros detalles físicos il.
Dimensiones 21 cm.
650 ## - ASIENTO SECUNDARIO DE MATERIA - TERMINO TEMATICO
Término temático o nombre geográfico como elemento de entrada Palmas
9 (RLIN) 83896
650 ## - ASIENTO SECUNDARIO DE MATERIA - TERMINO TEMATICO
Término temático o nombre geográfico como elemento de entrada Arecaceae
9 (RLIN) 83897
650 ## - ASIENTO SECUNDARIO DE MATERIA - TERMINO TEMATICO
Término temático o nombre geográfico como elemento de entrada Palma de güérregue
Subdivisión geográfica Pacífico (Región)
-- Colombia
9 (RLIN) 83898
650 ## - ASIENTO SECUNDARIO DE MATERIA - TERMINO TEMATICO
Término temático o nombre geográfico como elemento de entrada Artesanías
Subdivisión geográfica Chocó (Colombia)
9 (RLIN) 83899
650 ## - ASIENTO SECUNDARIO DE MATERIA - TERMINO TEMATICO
Término temático o nombre geográfico como elemento de entrada Fibras vegetales
9 (RLIN) 2269
700 ## - ASIENTO SECUNDARIO - NOMBRE PERSONAL
Nombre personal García, Nestor
Fechas asociadas con el nombre 1976 -
9 (RLIN) 83901
700 ## - ASIENTO SECUNDARIO - NOMBRE PERSONAL
Nombre personal Galeano, Gloria
9 (RLIN) 443
700 ## - ASIENTO SECUNDARIO - NOMBRE PERSONAL
Nombre personal Bernal, Rodrigo
9 (RLIN) 2255
700 ## - ASIENTO SECUNDARIO - NOMBRE PERSONAL
Nombre personal Chamarra, Zúñigo
9 (RLIN) 2275
700 ## - ASIENTO SECUNDARIO - NOMBRE PERSONAL
Nombre personal Chamarra, Henry
9 (RLIN) 2276
700 ## - ASIENTO SECUNDARIO - NOMBRE PERSONAL
Nombre personal Cuero, Clímaco
9 (RLIN) 2277
942 ## - ELEMENTOS ADICIONALES (KOHA)
Sistema de clasificación Dewey Decimal Classification
Tipo de ítem Folleto
Existencias
Withdrawn status Lost status Sistema de Clasificación Damaged status No para préstamo Colección Inventariado Ubicación Permanente Ubicación actual Fecha de adquisición Total Checkouts Número topográfico Inventario / Código de Barras Date last seen Ejemplar Price effective from Forma de adquisición Tipo de material
    Dewey Decimal Classification     Hemeroteca Inventariado 2017 Bogotá Bogotá 30/10/2013   FG-0407 059183 30/10/2013 Ej. 1 30/10/2013 Donación Folleto
    Dewey Decimal Classification     Hemeroteca Inventariado 2017 Bogotá Bogotá 01/09/2017   FG-0407 042689 01/09/2017 Ej. 2 01/09/2017 Donación Folleto